00319nam a2200133Ia 45000030006000000080041000060400015000471000030000622450019000922600037001113000006001485460014001540050017001680STCL150530s9999 xx 000 0 und d aSTCLcSTCL aBalakrishna Variar, M. R. aKunjan Nambiar bV V Publishing House ; Tvmc1944 a0 aMalayalam20220125171731.0